| 000 | 00909nam a2200253 a 4500 | ||
|---|---|---|---|
| 005 | 20240530063651.0 | ||
| 008 | 020816s1988 mx r 000 0 spa d | ||
| 020 | _a9688377120 | ||
| 035 | _aUPN01000118279 | ||
| 040 |
_aUPN _bspa _cUPN |
||
| 049 | _aCG | ||
| 050 | 4 |
_aLB2371 _bD5.8 |
|
| 100 | 1 |
_aDíaz Barriga, Ángel, _d1949- _944004 |
|
| 245 | 1 | 3 |
_aUn caso de evaluación curricular : _banálísis de las opiniones de maestros y alumnos de un programa de posgrado en educación / _cAngel Díaz Barriga, Martha Patricia Casanova, Laura Ortega Navarro. |
| 260 |
_aMéxico : _bUNAM, _c1988. |
||
| 300 | _a76 p. | ||
| 440 | 0 |
_aCuadernos del CESU ; _v8 |
|
| 650 | 4 |
_aUNIVERSIDADES Y COLEGIOS - _xTRABAJO DE POST-GRADUADOS _922251 |
|
| 650 | 4 |
_aEducación superior _932 |
|
| 700 | 1 |
_aCasanova, Martha Patricia, _ecoaut. |
|
| 700 | 1 |
_aOrtega Navarro, Laura, _ecoaut. |
|
| 905 | _aLibro | ||
| 942 |
_2lcc _cLIBRO |
||
| 999 |
_c90657 _d90657 |
||